De los cuentistas de ayer : el cuento en Santiago de Cuba de 1902 a 1958 /
Uloženo v:
| Další autoři: | |
|---|---|
| Médium: | Neznámo |
| Jazyk: | Spanish |
| Vydáno: |
Santiago de Cuba :
Editorial Oriente,
1991.
|
| Témata: | |
| Tagy: |
Přidat tag
Žádné tagy, Buďte první, kdo vytvoří štítek k tomuto záznamu!
|
MARC
| LEADER | 000000000a22000000004500 | ||
|---|---|---|---|
| 001 | 001827 | ||
| 041 | 0 | |a spa | |
| 082 | 0 | 4 | |a Cu863.08 |b D278d |
| 245 | 0 | 0 | |a De los cuentistas de ayer : |b el cuento en Santiago de Cuba de 1902 a 1958 / |c Aida Bahr, selección. |
| 260 | 1 | |a Santiago de Cuba : |b Editorial Oriente, |c 1991. | |
| 300 | |a 61 páginas | ||
| 650 | 4 | |a LITERATURA CUBANA | |
| 650 | 4 | |a CUENTOS | |
| 650 | 4 | |a COLECCIONES | |
| 700 | 1 | |a Bahr, Aida |e selección | |
| 999 | |c 8487 |d 8487 | ||
| 942 | |c BK |h Cu863.08 D278d |2 z | ||
